00337 a2200133 4500003000400000005001700004008004100021040000900062082001500071100001300086245007200099260002400171300000800195OSt20240112122542.0240112b |||||||| |||| 00| 0 eng d coclc a297bUSM/P aUsman, M aPouranika charithrathilekku Qur'an nalkunna velicham /cDr. M Usman aKerala:bKNM,c1997 a48p